| 000 | 01062cam a2200253 4500 | ||
|---|---|---|---|
| 001 | ABS65226 | ||
| 008 | 020327n2002 000 0 eng u | ||
| 035 | _a(Sirsi) u117267 | ||
| 100 | _aCochrane, E. | ||
| 245 | _aUnion of dull Jacks | ||
| 260 | _c2002 | ||
| 490 |
_aBuilding _v267(8215) 15 March 2002, 52-53(2) |
||
| 520 | _aThe UK works longer hours than the rest of Europe but is less productive. Examines the results of the "Building"/DTI work-life balance survey which suggests a more relaxed workforce may mean a healthier balance sheet. Some of the survey results reveal that some flexible working practices are already in place in the construction industry. For more information on work-life balance, visit http://www.dti.gov.uk/work-lifebalance | ||
| 590 | _aABS | ||
| 650 | _aCONSTRUCTION INDUSTRY | ||
| 650 | _aDTI | ||
| 650 | _aWORKING PRACTICES | ||
| 650 | _aFLEXIBLE WORKING | ||
| 650 | _aWORK-LIFE BALANCE | ||
| 650 | _aPRODUCTIVITY | ||
| 650 | _aBUSINESS PERFORMANCE | ||
| 690 | _aMANAGEMENT-BUSINESS MANAGEMENT | ||
| 942 | _n0 | ||
| 999 |
_c69858 _d69858 |
||